| 000 | 00439cam a2200193 4500 | ||
|---|---|---|---|
| 001 | D12098 | ||
| 008 | 090401t1950 xxu||||| |||| 00| 0 eng d | ||
| 035 | _a(Sirsi) u1191 | ||
| 041 | _aeng | ||
| 100 | _aBean, Philip R | ||
| 245 | _aRating Valuation Practice | ||
| 250 | _a2nd | ||
| 260 |
_aLondon _bStevens and Sons _c1950 |
||
| 350 | _a0 | ||
| 520 | _aShelf 151 | ||
| 700 | _aLockwood, Arthur | ||
| 942 | _n0 | ||
| 948 | _c04/03/1997 | ||
| 999 |
_c85641 _d85641 |
||